Záručné inštitúcie podporujú podnikateľov

Medzinárodná konferencia vo Viedni sa zaoberala otázkami podpory malého a stredného podnikania v krajinách strednej a východnej Európy. Predstavitelia záručných inštitúcií z Maďarska, ČR, Slovinska, Rumunska a SR vyzdvihli význam podpory malého a stredného podnikania. Predstavili svoje podporné prog...

Ausführliche Beschreibung

Gespeichert in:
Bibliographische Detailangaben
1. Verfasser: Išová, V.
Format: Buchkapitel
Sprache:Slowakisch
Schlagworte:
Tags: Tag hinzufügen
Keine Tags, Fügen Sie das erste Tag hinzu!

MARC

LEADER 00000naa a2200000 4500
001 r015388
005 20221213113129.9
041 0 |a slo 
044 |a SK 
245 1 0 |a Záručné inštitúcie podporujú podnikateľov  |c V. Išová 
520 |a Medzinárodná konferencia vo Viedni sa zaoberala otázkami podpory malého a stredného podnikania v krajinách strednej a východnej Európy. Predstavitelia záručných inštitúcií z Maďarska, ČR, Slovinska, Rumunska a SR vyzdvihli význam podpory malého a stredného podnikania. Predstavili svoje podporné programy a mechanizmy. 
610 2 0 |a banky 
610 2 0 |a záruka 
610 2 0 |a podnikanie 
610 2 0 |a podnik malý 
610 2 0 |a podnik stredný 
610 2 0 |a Slovenská záručná banka, š.p.ú. Bratislava 
610 2 0 |a konferencie 
610 2 0 |a Viedeň 
610 2 0 |a Európa 
610 2 0 |a banky záručné 
100 1 |a Išová, V.